00673nam a2200229 a 45000010010000000030011000100080041000210200015000620350026000770920015001031000021001182450041001392600030001803000015002106500018002258560030002439420012002739520098002859900006003839980037003899990017004260001-1121ELIB.Books150430 2010 eng  a0385247672 a(ELIB.Books)0001-1276 a225.6bBro aBrown, Ramond E. aAn Introduction to the New Testament aNew YorkbDoubledayc1997 a878c24 Cm aNew Testament nKBTS: LibraryuKBTS: Elib 2ddccBK 00102ddc4070aKBTSbKBTSd2015-04-30l0p15351, 15348r2022-01-22 00:00:00w2022-01-22yBK a1 cbate2015-04-30mcatu2018-11-30 c11121d11121